000 00586nam a2200217Ia 4500
005 20241129110233.0
008 241129s9999||||xx |||||||||||||| ||und||
020 _a978-93-82775-05-8
037 _aTB
040 _aARTS
_beng
_cARTS
041 _aeng
_2urd
084 _aNT44 168Q3
_qARTS
100 _aHabib Tanvir Au.
_9727532
245 0 _aParda khulta hai
_cHabib Tanvir Au.
260 _aDelhi, India
_bkitab ghar
_c2013
300 _a448p.
365 _aINR
_b450
650 _aArtsTheatre-India
_9727311
942 _cTB
_hNT44 168Q3
999 _c1227834
_d1227834